000 00418nam a22001697a 4500
999 _c525019
_d525019
003 NUST
038 _awaseem
082 _a891.421
_bIJA
100 _aIjazi, Ijaz
_915814
245 _aBol Malanga /
_cIjaz Ijazi
260 _bMaster Printers,
_c1995.
300 _a120 p. ;
500 _aPapercover.
880 _6100-01\r
_aاعجازاعجازی
880 _6245-02\r
_a بول ملنگا /
942 _2ddc
_cBK